Cities of South Asia by Colonial Architecture Photo - Statistics

General Stats
  • This quiz has been taken 19 times
  • The average score is 8 of 16
Answer Stats
Picture Answer % Correct
Bombay
94%
Delhi
89%
Calcutta
83%
Karachi
72%
Dhaka
67%
Lahore
67%
Madras
67%
Colombo
61%
Rawalpindi
44%
Goa
39%
Pondicherry
39%
Lucknow
33%
Multan
22%
Peshawar
22%
Galle
11%
Jaffna
11%
No matching quizzes found
Score Distribution
Percent of People with Each Score
Percentile by Number Answered
Your Score History
You have not taken this quiz